Countries in Escher's Tiling of the World Map - Statistics

General Stats
  • This quiz has been taken 77 times
    65 since last reset
  • The average score is 81 of 90
Answers on the Map
Answers color-coded by a green-red scale on the quiz's map according to % correct below.
 
Answer Stats
Countries % Correct
Afghanistan | Armenia | Azerbaijan | China | India | Iran | Kazakhstan | Kyrgyzstan | Mongolia | Pakistan | Russia | Syria | Tajikistan | Turkey | Turkmenistan | Uzbekistan
98%
Afghanistan | Bangladesh | Bhutan | China | India | Iran | Maldives | Myanmar | Nepal | Oman | Pakistan | Sri Lanka | United Arab Emirates
98%
Algeria | Andorra | Austria | Belgium | Bosnia and Herzegovina | Croatia | Denmark | France | Italy | Libya | Malta | Morocco | Netherlands | Poland | Portugal | San Marino | Serbia | Slovakia | Slovenia | Spain | Sweden | Switzerland | Tunisia | United Kingdom | Vatican
98%
Bahamas | Belize | Colombia | Costa Rica | Cuba | Dominican Republic | Guatemala | Haiti | Honduras | Jamaica | Mexico | Nicaragua | Panama | Trinidad and Tobago | United States | Venezuela
98%
Bahamas | Canada | Mexico | United States
98%
Canada | Mexico | United States
98%
Canada | United States
98%
Canada | United States
98%
Canada | United States
98%
Canada | United States
98%
Canada | United States
98%
Kiribati | United States
98%
Mexico | United States
98%
United States
98%
United States
98%
United States
98%
United States
98%
Albania | Armenia | Austria | Belarus | Bosnia and Herzegovina | Bulgaria | Czechia | Georgia | Germany | Greece | Hungary | Iran | Iraq | Italy | Jordan | Kazakhstan | Kosovo | Lebanon | Moldova | Montenegro | North Macedonia | Poland | Romania | Russia | Serbia | Slovakia | Syria | Turkey | Ukraine
96%
Argentina | Bolivia | Brazil | Chile | Colombia | Paraguay | Peru
96%
Argentina | Bolivia | Brazil | Paraguay
96%
Argentina | Brazil | Chile | Paraguay | Uruguay
96%
Australia | East Timor | Indonesia | Malaysia | Singapore
96%
Australia | Federated States of Micronesia | Indonesia | Nauru | Papua New Guinea | Solomon Islands
96%
Austria | Belarus | Belgium | Croatia | Estonia | France | Germany | Latvia | Liechtenstein | Lithuania | Luxembourg | Moldova | Netherlands | Norway | Poland | Romania | Russia | Slovenia | Sweden | Switzerland | Ukraine | United Kingdom
96%
Bangladesh | Cambodia | China | India | Japan | Laos | Myanmar | Philippines | Taiwan | Thailand | Vietnam
96%
Barbados | Bolivia | Brazil | Colombia | Ecuador | France | Guyana | Peru | St Lucia | St Vincent and the Grenadines | Suriname | Trinidad and Tobago | Venezuela
96%
Belarus | Estonia | Finland | Kazakhstan | Latvia | Norway | Russia | Ukraine
96%
Brazil | Cape Verde | Guinea | Liberia | Sierra Leone
96%
Brazil | Colombia | Ecuador | El Salvador | Guatemala | Honduras | Nicaragua | Peru | Venezuela
96%
Cambodia | China | India | Indonesia | Laos | Malaysia | Myanmar | Sri Lanka | Thailand | Vietnam
96%
China | Japan | Mongolia | North Korea | Russia
96%
China | Kazakhstan | Kyrgyzstan | Mongolia | Russia
96%
China | Mongolia | Russia
96%
Denmark | Iceland | Ireland | United Kingdom
96%
Finland | Norway | Russia | Sweden
96%
Japan | Russia
96%
Kazakhstan | Russia
96%
Russia
96%
Russia
96%
Russia
96%
Russia
96%
Russia
96%
Russia
96%
Russia
96%
Russia
96%
Afghanistan | Bahrain | Cyprus | Djibouti | Egypt | Eritrea | Ethiopia | Iran | Iraq | Israel | Jordan | Kuwait | Lebanon | Oman | Pakistan | Qatar | Saudi Arabia | Somalia | State of Palestine | Sudan | Syria | Turkey | Turkmenistan | United Arab Emirates | Yemen
93%
Algeria | Burkina Faso | Cape Verde | Gambia | Guinea | Guinea-Bissau | Mali | Mauritania | Morocco | Niger | Portugal | Senegal | Spain
93%
Argentina | Chile | United Kingdom
93%
Australia
93%
Australia
93%
Australia
93%
Australia
93%
Australia | France | New Zealand | Tonga | Vanuatu
93%
Brazil
93%
Brunei | China | Federated States of Micronesia | Indonesia | Laos | Malaysia | Palau | Philippines | Vietnam
93%
China | Japan | North Korea | South Korea
93%
Ethiopia | India | Kenya | Maldives | Oman | Seychelles | Somalia | Sri Lanka | Yemen
93%
Angola | Benin | Burkina Faso | Cameroon | Central African Republic | Chad | Democratic Republic of the Congo | Equatorial Guinea | Gabon | Ghana | Guinea | Guinea-Bissau | Ivory Coast | Liberia | Mali | Mauritania | Niger | Nigeria | Republic of the Congo | Sao Tome and Principe | Senegal | Sierra Leone | South Sudan | Sudan | Togo
91%
Angola | Botswana | Comoros | Democratic Republic of the Congo | Eswatini | Gabon | Malawi | Mozambique | Namibia | Republic of the Congo | South Africa | Tanzania | Zambia | Zimbabwe
91%
Argentina | Chile
91%
Burundi | Cameroon | Central African Republic | Chad | Democratic Republic of the Congo | Djibouti | Egypt | Equatorial Guinea | Eritrea | Ethiopia | Gabon | Kenya | Niger | Nigeria | Republic of the Congo | Rwanda | Saudi Arabia | Somalia | South Sudan | Sudan | Tanzania | Uganda
91%
Canada | Denmark
91%
Canada | Denmark
91%
Canada | Denmark
91%
Algeria | Cameroon | Central African Republic | Chad | Egypt | Israel | Jordan | Libya | Mali | Mauritania | Niger | Nigeria | Saudi Arabia | South Sudan | Sudan | Tunisia
89%
Angola | Botswana | Namibia | South Africa
89%
Botswana | Eswatini | Lesotho | Madagascar | Mozambique | Namibia | South Africa | Zimbabwe
89%
Canada
89%
Canada
89%
Fiji | France | Kiribati | Nauru | Samoa | Solomon Islands | Tuvalu | Vanuatu
89%
Portugal | Spain
89%
Denmark | Iceland
87%
Denmark | Norway | Sweden
84%
Federated States of Micronesia | Kiribati | Marshall Islands | Palau | Solomon Islands
82%
Antigua and Barbuda | Dominica | France | St Kitts and Nevis
80%
Argentina
78%
Comoros | Kenya | Madagascar | Malawi | Mozambique | Seychelles | Tanzania | Uganda | Zimbabwe
78%
Kiribati | Marshall Islands
78%
Kiribati
76%
Kiribati
76%
Kiribati
76%
Kiribati
76%
Denmark
71%
France | Mauritius
71%
New Zealand
71%
New Zealand
71%
Fiji | Tonga
60%
Maldives
60%
Samoa
56%
Marshall Islands
49%
No matching quizzes found
Score Distribution
Percent of People with Each Score
Percentile by Number Answered
Your Score History
You have not taken this quiz since the last reset